000 00703nam a2200205 a 4500
008 120416s1979 ||||||||||||||||| || u
020 _a0312863926
050 _aHD 9502 Eva
100 _aEvans, Douglas
245 1 0 _aWestern energy policy
246 _athe case for competition
260 _aNew York
_bSt. Martin's Press
_c1979
300 _ax, 198 p.
350 _a0.00
500 _aIncludes index. -Bibliography: p. [195]-196.
650 7 _aENERGY POLICY
_2unbist
650 _aRESOURCES
650 0 _aPETROLEUM INDUSTRY AND TRADE
995 _D0.00
_FCBU-MAIN LIBRARY (Kitwe)
_H1
_I1.95
_M1
_UAVAILABLE
_ZMain Library Open Access Collection
999 _c61609
_d61609